Statistics for Movies With Most On-Screen Deaths

Click here to take the quiz!

General Stats

  • This quiz has been taken 116 times
  • The average score is 4 of 10

Answer Stats

HintAnswer% Correct
#1020121019 deathsRobert Downey Jr.The Avengers
74%
#1201483871 deathsChris PrattGuardians Of The Galaxy
67%
#919951297 deathsMel GibsonBraveheart
62%
#420032798 deathsElijah WoodThe Lord Of The Rings: Return Of The King
51%
#620021741 deathsIan Mc KellenThe Lord Of The Rings: The Two Towers
45%
#720031647 deathsKeanu ReevesThe Matrix Revolutions
40%
#820141417 deathsMartin FreemanThe Hobbit: The Battle Of The Five Armies
27%
#220145687 deathsLuke EvansDracula Untold
12%
#520142234 deathsSullivan Stapleton300: Rise Of An Empire
4%
#320022922 deathsBen AffleckThe Sum Of All Fears
4%

Score Distribution

Percentile by Number Answered

Percent of People with Each Score

Your Score History

You have not taken this quiz